1614 1385 1828 1827 1053 1821 1096 1380 1741 1926 1199 1621 1100 1685 1829 1010 1103 1073 1634 1593 1746 1299 1580 1834 1866 1891 1885 1060 1592 1198 1005 1862 1604 1040 1836 1926 1046 1423 1905 1948 1015 1836 1350 1886 1641 1362 1292 1756 1159 1134 1429 1578 1285 1102 1257 1960 1889 1172 1691 1181 1141 1979 1768 1329 1529 1923 1524 1434 1501 1999 1587 1031 1754 1716 1262 1777 1440 1837 1488 1134 1631 1976 1557 1964 1946 1818 1921 1008 1052 1118 1621 1718 1650 1267 1722 1155 1458 1507 1541 BCNSPRNW ULIB Ver.6.0+V

เปลี่ยนเป็นภาษาไทย

Change to English
 แสดงรายละเอียดบรรณานุกรม
  กลับหน้าหลัก

Brief Record : Get Marc (ISO 2709) : E-mail record : QR code < ปิดหน้าต่าง
LEADER : 00000nam 2200000uu 4500
001    13399112313
003     ULIB
008    110804s2553||||th 000 0 tha d
020    9746315919
020    9789746315913
040    brv
060 04 WA105^bพ974ร 2553
100 1  ไพบูลย์ โล่ห์สุนทร
245 10 ระบาดวิทยา =^bEpidemiology /^cไพบูลย์ โล่ห์สุนทร
246 31 Epidemiology
250    พิมพ์ครั้งที่ 8
260    กรุงเทพฯ :^bภาควิชาเวชศาสตร์ป้องกันและสังคม คณะแพทยศาสตร์จุฬาลงกรณ์มหาวิทยาลัย,^c2553
300    405 หน้า :^bภาพประกอบ ;^c26 ซม.
650  7 ระบาดวิทยา
710 2  จุฬาลงกรณ์มหาวิทยาลัย. ^bคณะแพทยศาสตร์.^bภาควิชาเวชศาสตร์ป้องกันและสังคม
945    ^p350^l0^i030413
945    ^p350^l0^i030414
945    ^p350^l0^i030415
945    ^p350^l0^i030416
945    ^p350^l0^i030417
995    ทศพร
999 ^a ทศพร
รายการนี้ยังไม่มีแท็ก
คุณยังไม่ได้ล็อกอิน คุณสามารถมีกิจกรรมร่วมกับเว็บไซต์ได้ แต่ต้องล็อกอินก่อน ::
  ล็อกอิน

รายการสื่อสารสนเทศ

ลำดับที่ ประเภท เลขเรียก/บาร์โค้ด สถานที่ สถานะ
1. วิทยาศาสตร์การแพทย์ และสุขภาพ
หนังสือสำรอง
สถานะ=หนังสือสำรอง
WA105 พ974ร 2553 ฉ.1 
  Barcode: 030413
ห้องสมุดวิทยาเขตสวรรค์ประชารักษ์
►ส่วนจัดเก็บหนังสือเก่า สปร
บนชั้น
  ขอยืม
2. วิทยาศาสตร์การแพทย์ และสุขภาพ
วิทยาศาสตร์การแพทย์ และสุขภาพ
WA105 พ974ร 2553 ฉ.2 
  Barcode: 030414
ห้องสมุดวิทยาเขตสวรรค์ประชารักษ์
►ส่วนจัดเก็บหนังสือเก่า สปร
บนชั้น
  ขอยืม
3. วิทยาศาสตร์การแพทย์ และสุขภาพ
วิทยาศาสตร์การแพทย์ และสุขภาพ
WA105 พ974ร 2553 ฉ.3 
  Barcode: 030415
ห้องสมุดวิทยาเขตสวรรค์ประชารักษ์
►ส่วนจัดเก็บหนังสือเก่า สปร
บนชั้น
  ขอยืม
4. วิทยาศาสตร์การแพทย์ และสุขภาพ
วิทยาศาสตร์การแพทย์ และสุขภาพ
WA105 พ974ร 2553 ฉ.4 
  Barcode: 030416
ห้องสมุดวิทยาเขตนครสวรรค์
►ส่วนจัดเก็บหนังสือเก่า นว.
บนชั้น
  ขอยืม
5. วิทยาศาสตร์การแพทย์ และสุขภาพ
วิทยาศาสตร์การแพทย์ และสุขภาพ
WA105 พ974ร 2553 ฉ.5 
  Barcode: 030417
ห้องสมุดวิทยาเขตสวรรค์ประชารักษ์
►ส่วนจัดเก็บหนังสือเก่า สปร
บนชั้น
  ขอยืม

รายการใกล้เคียง
    ผู้แต่ง [ไพบูลย์ โล่ห์สุนทร]

    หัวเรื่อง [ระบาดวิทยา]

BibComment


ยังไม่เคยถูกคอมเมนท์

คอมเมนท์ทรัพยากรรายการนี้
  คอมเมนท์: ระบาดวิทยา Epide..


 Copyright 2026. Bcnsprnw @Library